James Bond Movies - Tile Select - Statistics

General Stats
  • This quiz has been taken 1,229 times
  • The average score is 137 of 150
Answer Stats
Question Tile Select % Correct
starring Sean Connery Skyfall No
98%
starring Sean Connery A View to a Kill No
97%
starring Sean Connery Die Another Day No
97%
starring Sean Connery No Time to Die No
97%
starring Sean Connery Quantum of Solace No
97%
starring Sean Connery Spectre No
97%
starring Sean Connery Tomorrow Never Dies No
97%
starring Daniel Craig A View to a Kill No
96%
starring Sean Connery Casino Royale No
96%
starring Daniel Craig Diamonds Are Forever No
96%
starring Daniel Craig Dr. No No
96%
starring Daniel Craig For Your Eyes Only No
96%
starring Daniel Craig From Russia with Love No
96%
starring Daniel Craig Goldfinger No
96%
starring Sean Connery Licence to Kill No
96%
starring Daniel Craig Live and Let Die No
96%
starring Daniel Craig Moonraker No
96%
starring Daniel Craig Octopussy No
96%
starring Daniel Craig On Her Majesty's Secret Service No
96%
starring Sean Connery The Living Daylights No
96%
starring Daniel Craig The Living Daylights No
96%
starring Daniel Craig The Man with the Golden Gun No
96%
starring Daniel Craig The Spy Who Loved Me No
96%
starring Sean Connery The World Is Not Enough No
96%
starring Daniel Craig Thunderball No
96%
starring Daniel Craig You Only Live Twice No
96%
starring Sean Connery Goldeneye No
95%
starring Daniel Craig Goldeneye No
95%
starring Daniel Craig Licence to Kill No
95%
starring Daniel Craig The World Is Not Enough No
95%
starring George Lazenby A View to a Kill No
94%
starring George Lazenby Casino Royale No
94%
starring Roger Moore Casino Royale No
94%
starring Pierce Brosnan Casino Royale No
94%
starring George Lazenby Die Another Day No
94%
starring Sean Connery Dr. No Yes
94%
starring George Lazenby Dr. No No
94%
starring Roger Moore Dr. No No
94%
starring Pierce Brosnan Dr. No No
94%
starring George Lazenby From Russia with Love No
94%
starring George Lazenby Goldeneye No
94%
starring George Lazenby Goldfinger No
94%
starring Sean Connery Live and Let Die No
94%
starring George Lazenby Live and Let Die No
94%
starring Sean Connery Moonraker No
94%
starring Pierce Brosnan Moonraker No
94%
starring George Lazenby No Time to Die No
94%
starring Roger Moore No Time to Die No
94%
starring George Lazenby Octopussy No
94%
starring George Lazenby Quantum of Solace No
94%
starring Roger Moore Quantum of Solace No
94%
starring George Lazenby Skyfall No
94%
starring Roger Moore Skyfall No
94%
starring George Lazenby Spectre No
94%
starring Roger Moore Spectre No
94%
starring Pierce Brosnan Spectre No
94%
starring Daniel Craig Spectre Yes
94%
starring George Lazenby The Man with the Golden Gun No
94%
starring George Lazenby The World Is Not Enough No
94%
starring George Lazenby Tomorrow Never Dies No
94%
starring Daniel Craig Tomorrow Never Dies No
94%
starring George Lazenby Diamonds Are Forever No
93%
starring Pierce Brosnan Diamonds Are Forever No
93%
starring George Lazenby For Your Eyes Only No
93%
starring Pierce Brosnan For Your Eyes Only No
93%
starring Pierce Brosnan From Russia with Love No
93%
starring Pierce Brosnan Goldfinger No
93%
starring George Lazenby Licence to Kill No
93%
starring Pierce Brosnan Live and Let Die No
93%
starring George Lazenby Moonraker No
93%
starring Pierce Brosnan Octopussy No
93%
starring Sean Connery On Her Majesty's Secret Service No
93%
starring Roger Moore On Her Majesty's Secret Service No
93%
starring Pierce Brosnan On Her Majesty's Secret Service No
93%
starring Pierce Brosnan Quantum of Solace No
93%
starring Pierce Brosnan Skyfall No
93%
starring George Lazenby The Living Daylights No
93%
starring Pierce Brosnan The Man with the Golden Gun No
93%
starring George Lazenby The Spy Who Loved Me No
93%
starring Pierce Brosnan The Spy Who Loved Me No
93%
starring George Lazenby Thunderball No
93%
starring Pierce Brosnan Thunderball No
93%
starring George Lazenby You Only Live Twice No
93%
starring Pierce Brosnan A View to a Kill No
92%
starring Timothy Dalton Casino Royale No
92%
starring Timothy Dalton Diamonds Are Forever No
92%
starring Roger Moore Die Another Day No
92%
starring Daniel Craig Die Another Day No
92%
starring Timothy Dalton Dr. No No
92%
starring Sean Connery For Your Eyes Only No
92%
starring Roger Moore Goldeneye No
92%
starring Roger Moore Goldfinger No
92%
starring Timothy Dalton Goldfinger No
92%
starring Timothy Dalton Moonraker No
92%
starring Timothy Dalton Octopussy No
92%
starring Timothy Dalton Quantum of Solace No
92%
starring Daniel Craig Quantum of Solace Yes
92%
starring Timothy Dalton Skyfall No
92%
starring Daniel Craig Skyfall Yes
92%
starring Timothy Dalton Spectre No
92%
starring Roger Moore The World Is Not Enough No
92%
starring Timothy Dalton Thunderball No
92%
starring Roger Moore Tomorrow Never Dies No
92%
starring Pierce Brosnan You Only Live Twice No
92%
starring Daniel Craig Casino Royale Yes
91%
starring Timothy Dalton For Your Eyes Only No
91%
starring Timothy Dalton From Russia with Love No
91%
starring Timothy Dalton Goldeneye No
91%
starring Pierce Brosnan Licence to Kill No
91%
starring Timothy Dalton No Time to Die No
91%
starring Pierce Brosnan No Time to Die No
91%
starring Sean Connery Octopussy No
91%
starring Timothy Dalton On Her Majesty's Secret Service No
91%
starring Pierce Brosnan The Living Daylights No
91%
starring Timothy Dalton The Man with the Golden Gun No
91%
starring Timothy Dalton The Spy Who Loved Me No
91%
starring Timothy Dalton Die Another Day No
90%
starring Roger Moore From Russia with Love No
90%
starring Sean Connery Goldfinger Yes
90%
starring Roger Moore Licence to Kill No
90%
starring Sean Connery The Man with the Golden Gun No
90%
starring Roger Moore Thunderball No
90%
starring Timothy Dalton Tomorrow Never Dies No
90%
starring Timothy Dalton You Only Live Twice No
90%
starring Timothy Dalton Live and Let Die No
89%
starring Sean Connery The Spy Who Loved Me No
89%
starring Timothy Dalton The World Is Not Enough No
89%
starring Sean Connery From Russia with Love Yes
88%
starring Roger Moore The Living Daylights No
88%
starring George Lazenby On Her Majesty's Secret Service Yes
87%
starring Roger Moore Diamonds Are Forever No
86%
starring Roger Moore Moonraker Yes
86%
starring Sean Connery Thunderball Yes
86%
starring Timothy Dalton A View to a Kill No
85%
starring Sean Connery Diamonds Are Forever Yes
85%
starring Pierce Brosnan The World Is Not Enough Yes
85%
starring Roger Moore You Only Live Twice No
85%
starring Pierce Brosnan Die Another Day Yes
83%
starring Pierce Brosnan Goldeneye Yes
83%
starring Roger Moore Octopussy Yes
82%
starring Pierce Brosnan Tomorrow Never Dies Yes
82%
starring Roger Moore For Your Eyes Only Yes
80%
starring Roger Moore Live and Let Die Yes
80%
starring Daniel Craig No Time to Die Yes
80%
starring Timothy Dalton The Living Daylights Yes
80%
starring Roger Moore The Spy Who Loved Me Yes
79%
starring Roger Moore The Man with the Golden Gun Yes
78%
starring Timothy Dalton Licence to Kill Yes
77%
starring Sean Connery You Only Live Twice Yes
77%
starring Roger Moore A View to a Kill Yes
76%
No matching quizzes found
Score Distribution
Percent of People with Each Score
Percentile by Number Answered
Your Score History
You have not taken this quiz